000 00921nam a2200313Ia 4500
001 B3256
003 IT-RoPAU
008 130308s9999 xx 000 0 und d
040 _aIT-RoPAU
040 _cIT-RoPAU
041 _aFRANCESE
100 _aCorten-Gualtieri P.
100 _gCodice Aut. SPICS: 37536
245 _aOu' ledessin se rit de la genetique
245 _bImage Humoristique (L')
250 _a1a ed.
260 _aNICE
260 _bZ'Editions
260 _c1992 [1° Ed.:1992 - Ed.Ling.Originale:1992]
300 _a"8 p. (prefazione: no ; testo: 8 [pagine: 89-96])"
500 _aDove Il Disegno Se ne Ride della Genetica. chiavi per la Satira. Mediazione Immaginaria. meccanismo Umoristico.
650 _aSAGGI DI SEMIOLOGIA
650 _eCodice materia Spics: 3257
700 _aHuynen A.M.
700 _gCodice Aut. SPICS: 37537
942 _cBK
957 _71
999 _c78457
_d78457
999 _g1